| 000 | 00907nam a2200229Ia 4500 | ||
|---|---|---|---|
| 001 | 11198 | ||
| 003 | GE_BSU | ||
| 008 | 181216s||||||||xx |||||||||||||| ||und|| | ||
| 040 | _cGE_BSU | ||
| 080 | _a630.2(075.8) | ||
| 100 | _aვ. დარახველიძე, პ. მეტრეველი, ლ. ჩიხლაძე | ||
| 245 | _aმეტყევეობის საფუძვლები | ||
| 245 | _bსას-სამ. ინ-ტების აგრონომიული სპეც. სტუდენტებისათვის | ||
| 245 | _cრედ: გ. გიგაური | ||
| 260 | _aთბილისი. | ||
| 260 | _bსას-სამ. ინ-ტის გამ-ბა | ||
| 260 | _c1959 | ||
| 300 | _a329გვ.25სმ. | ||
| 300 | _eილ.ცხრ. | ||
| 653 | _aმეტყევეობის საფუძვლები | ||
| 942 | _cBK | ||
| 999 |
_c44432 _d44432 |
||